[Event "Pedro Zabala (6eme memorial)"]
[Site "?"]
[Date "2004.10.12"]
[Round "12"]
[White "Moiseenko Alexander"]
[Black "Bauer Christian"]
[Result "0-1"]
[WhiteElo "2653"]
[BlackElo "2622"]
[PlyCount "115"]
[EventDate "2004.??.??"]
[Source "www.chesslib.no"]
[SourceDate "2004.05.04"]

1. d4 b6 2. e4 Bb7 3. Bd3 e6 4. Nf3 c5 5. c3 Nf6 6. Qe2 d5 7. e5 Nfd7 8. O-O Be7 9. a3 c4 10. Bc2 b5 11. Nbd2 a5 12. Re1 Nc6 13. Nf1 h5 14. g3 b4 15. h4 bxc3 16. bxc3 a4 17. Bg5 Nb6 18. Rab1 Ra6 19. Rb5 Na7 20. Rb2 Bc6 21. Reb1 Nac8 22. Bxe7 Qxe7 23. Rb4 Kd7 24. Ne3 Kc7 25. Bd1 Na7 26. Qb2 Rb8 27. Nd2 g6 28. Bf3 Nac8 29. Qc2 Raa8 30. Qa2 Qd7 31. R4b2 Rb7 32. Nc2 Qe7 33. Nb4 Bd7 34. Nxc4 dxc4 35. Bxb7 Kxb7 36. Nc2 Kc7 37. Ne3 Bc6 38. Rb4 Bd5 39. Qb2 Ra6 40. Rb5 Qd7 41. Rc5+ Kd8 42. Qb4 Ke8 43. Nxd5 exd5 44. Rb5 Qe7 45. Qc5 Qxe5 46. dxe5 Nd7 47. Qc6 Rxc6 48. Rxd5 Ncb6 49. Rdb5 Ke7 50. Re1 Ke6 51. f4 Rc5 52. Rxc5 Nxc5 53. Rd1 Nd5 54. Rd3 Nxd3 55. f5+ gxf5 56. Kf1 Nxe5 57. g4 fxg4 58. Ke2 0-1

[Event "Bugojno"]
[Site "?"]
[Date "1978.??.??"]
[Round "?"]
[White "Huebner, Robert"]
[Black "Larsen, Bent"]
[Result "1/2-1/2"]
[WhiteElo "2595"]
[BlackElo "2620"]
[PlyCount "98"]
[EventDate "1978.??.??"]
[Source "www.chesslib.no"]
[SourceDate "2004.05.04"]

1. d4 e6 2. e4 b6 3. Nf3 Bb7 4. Bd3 c5 5. c3 Nf6 6. Qe2 cxd4 7. cxd4 Bb4+ 8. Nbd2 d5 9. e5 Nfd7 10. O-O a5 11. Rd1 Ba6 12. Nf1 Bxd3 13. Rxd3 Nc6 14. Ng5 Be7 15. Qg4 h5 16. Qg3 Nf8 17. h4 Qd7 18. Be3 Ng6 19. Rc3 Bd8 20. Qf3 Bxg5 21. hxg5 Rc8 22. Ng3 Nh4 23. Qe2 g6 24. Qb5 Ne7 25. Qxb6 Rxc3 26. bxc3 O-O 27. Rb1 a4 28. Qb7 Qxb7 29. Rxb7 Nhf5 30. Nxf5 Nxf5 31. Bd2 Rc8 32. Kf1 h4 33. Ke2 Ra8 34. Bc1 Kg7 35. Ba3 Rh8 36. Bc1 h3 37. gxh3 Rxh3 38. Bd2 Rh2 39. Bf4 Rh4 40. Bd2 Rh2 41. Kf3 Rh3+ 42. Kg2 Rd3 43. Rb2 a3 44. Rc2 Kf8 45. Kf1 Ke8 46. Bc1 Kd7 47. Ke2 Rh3 48. Kf1 Rd3 49. Ke1 Rf3 1/2-1/2

[Event "Top 16"]
[Site "Bastia"]
[Date "2004.10.31"]
[Round "1.4"]
[White "Ivanisevic, Ivan"]
[Black "Bauer, Christian"]
[Result "1/2-1/2"]
[WhiteElo "2533"]
[BlackElo "2622"]
[PlyCount "151"]
[EventDate "2004.10.31"]
[Source "Roberto Alvarez"]
[SourceDate "2004.11.08"]

1. d4 b6 2. e4 Bb7 3. Nc3 e6 4. a3 Nf6 5. Bd3 c5 6. Nf3 cxd4 7. Nxd4 d6 8. b3 Nbd7 9. Bb2 Be7 10. Qe2 a6 11. f4 Qc7 12. O-O-O Nc5 13. Kb1 O-O-O 14. Rhf1 Kb8 15. a4 h5 16. g3 Rhf8 17. h3 g6 18. Nf3 Rc8 19. e5 Nfd7 20. exd6 Bxd6 21. Bc4 Be7 22. Nd4 Bf6 23. Qe3 Rfd8 24. Ndb5 axb5 25. Nxb5 Qc6 26. Bxf6 Nxf6 27. Qe5+ Ka8 28. Rxd8 Rxd8 29. Qxf6 Qd7 30. Qe5 Ne4 31. Kb2 Bc6 32. Ra1 Kb7 33. Nc3 Nxc3 34. Qxc3 Qd4 35. Re1 h4 36. g4 Qxf4 37. Rf1 Qc7 38. Qf6 Rd7 39. Qxh4 Qe5+ 40. Kb1 Be4 41. Qf2 Qc3 42. Qe2 f5 43. Ba6+ Ka7 44. Qc4 Bxc2+ 45. Ka2 Bxb3+ 46. Qxb3 Rd2+ 47. Ka3 Qc5+ 48. Qb4 Kxa6 49. Qxc5 bxc5 50. gxf5 gxf5 51. Re1 Rd3+ 52. Kb2 Ka5 53. Rxe6 f4 54. Rf6 f3 55. Kc2 c4 56. h4 Kb4 57. h5 Ra3 58. Rb6+ Kc5 59. Rf6 f2 60. Kb2 Rb3+ 61. Ka2 Kb4 62. Rxf2 Rh3 63. Kb2 Rxh5 64. Rf8 Rh2+ 65. Kb1 Kb3 66. Rb8+ Kc3 67. a5 Rh1+ 68. Ka2 Rh5 69. Ra8 Kc2 70. Ka3 c3 71. a6 Ra5+ 72. Kb4 Ra1 73. Kb5 Kb2 74. Rc8 c2 75. Kb6 Rxa6+ 76. Kxa6 1/2-1/2

[Event "American Continental 1st"]
[Site "Cali"]
[Date "2001.08.16"]
[Round "7"]
[White "Gulko, Boris F"]
[Black "Lima, Darcy"]
[Result "1-0"]
[WhiteElo "2602"]
[BlackElo "2543"]
[PlyCount "60"]
[EventDate "2001.08.09"]
[Source "ChessBase"]
[SourceDate "2001.09.11"]

1. d4 b6 2. e4 e6 3. Nf3 Bb7 4. Bd3 c5 5. c3 Nf6 6. Qe2 Be7 7. O-O Nc6 8. e5 Nd5 9. dxc5 bxc5 10. Na3 Qc7 11. Nb5 Qb8 12. c4 Ndb4 13. Be4 a6 14. Nd6+ Bxd6 15. exd6 Nd8 16. Rd1 Bxe4 17. Qxe4 f6 18. Nd2 Nb7 19. Nb3 a5 20. a3 Na6 21. Bf4 O-O 22. Rd3 a4 23. Nd2 Nd8 24. Rb1 Qb7 25. b4 axb3 26. Rbxb3 Qxe4 27. Nxe4 e5 28. Be3 f5 29. Nxc5 Nxc5 30. Bxc5 Kf7 1-0

[Event "Terres Catalanes"]
[Site "Manresa"]
[Date "1996.??.??"]
[Round "3"]
[White "Ubilava, Elizbar"]
[Black "Psakhis, Lev"]
[Result "1/2-1/2"]
[WhiteElo "2540"]
[BlackElo "2590"]
[PlyCount "22"]
[EventDate "1996.09.??"]
[Source "ChessBase"]

1. d4 e6 2. Nf3 b6 3. e4 Bb7 4. Bd3 c5 5. c3 Nf6 6. Qe2 Be7 7. O-O Nc6 8. a3 Na5 9. Nbd2 c4 10. Bc2 Qc7 11. Re1 O-O 1/2-1/2

[Event "Zillertal Open"]
[Site "Zillertal"]
[Date "1993.??.??"]
[Round "?"]
[White "Hertneck, Gerald"]
[Black "Kengis, Edvins"]
[Result "1-0"]
[WhiteElo "2575"]
[BlackElo "2555"]
[PlyCount "111"]
[EventDate "1993.06.??"]
[Source "www.chesslib.no"]
[SourceDate "2004.05.04"]

1. d4 e6 2. e4 b6 3. Nf3 Bb7 4. Bd3 c5 5. c3 Nf6 6. Nbd2 Be7 7. O-O cxd4 8. cxd4 Ba6 9. Bxa6 Nxa6 10. Qe2 Nc7 11. b3 d5 12. e5 Nd7 13. Bb2 Qc8 14. Rfc1 Qb7 15. Rc3 O-O 16. a3 Rfc8 17. Ne1 Ne8 18. Rh3 Nf8 19. f4 f5 20. exf6 Bxf6 21. a4 Nd6 22. Rd3 Rc6 23. Rc1 Rxc1 24. Bxc1 Rc8 25. Bb2 Qc6 26. Kf1 Qd7 27. g3 Ng6 28. Rc3 Rxc3 29. Bxc3 Ne7 30. Nef3 Nc6 31. b4 Nd8 32. b5 Qc8 33. Qd3 N8f7 34. Ne5 Bxe5 35. fxe5 Nf5 36. Nf3 h5 37. Bd2 Qc7 38. Ke2 Qc8 39. Bf4 Nh8 40. Kd2 Nf7 41. h3 Qd8 42. Kc2 Qc7+ 43. Kb3 Kf8 44. Kb2 Qe7 45. Kb3 Qc7 46. g4 hxg4 47. hxg4 Ne7 48. Bd2 Ke8 49. Kb2 Kf8 50. Bb4 Kg8 51. Ba3 Nc8 52. g5 Ne7 53. g6 Nh6 54. Ng5 Qd7 55. Bxe7 Qxe7 56. Qc3 1-0

[Event "Corr"]
[Site "?"]
[Date "1998.02.01"]
[Round "?"]
[White "Rause Mrs. Olita (LAT)"]
[Black "Hansen Mads Smith (DEN)"]
[Result "1-0"]
[WhiteElo "2615"]
[BlackElo "2510"]
[PlyCount "67"]
[EventDate "1998.??.??"]
[Source "www.chesslib.no"]
[SourceDate "2004.05.04"]

1. Nf3 b6 2. e4 Bb7 3. Nc3 e6 4. d4 Bb4 5. Bd3 Nf6 6. Bg5 h6 7. Bxf6 Qxf6 8. O-O Bxc3 9. bxc3 d6 10. Nd2 e5 11. f4 exd4 12. e5 dxe5 13. fxe5 Qg5 14. Nf3 Qe3+ 15. Kh1 O-O 16. cxd4 Nd7 17. Nh4 Qg5 18. Qe1 Rae8 19. Qf2 Bd5 20. c4 Bb7 21. Rae1 c5 22. Re3 cxd4 23. Rg3 Nxe5 24. Rxg5 hxg5 25. Nf5 Nxd3 26. Qxd4 Ne5 27. Nd6 Nc6 28. Qd5 Re5 29. Qf3 g4 30. Qxg4 Nd8 31. h4 g6 32. Kh2 Bc6 33. Rf2 Ne6 34. Qg3 1-0

[Event "Chigorin Memorial"]
[Site "St. Petersburg"]
[Date "2004.10.16"]
[Round "1.18"]
[White "Chehlov, Aleksander"]
[Black "Bezgodov, Alexei"]
[Result "0-1"]
[WhiteElo "2556"]
[BlackElo "2546"]
[PlyCount "56"]
[EventDate "2004.10.15"]
[Source "Roberto Alvarez"]
[SourceDate "2004.11.08"]

1. d4 Nc6 2. Nf3 d6 3. e4 g6 4. c3 Nf6 5. Bd3 Bg7 6. Bg5 h6 7. Bh4 Nh5 8. O-O O-O 9. Nbd2 Qe8 10. Ne1 e5 11. d5 Ne7 12. c4 Nf4 13. Bc2 f5 14. f3 g5 15. Bf2 h5 16. b4 g4 17. Kh1 Bd7 18. Rb1 Qg6 19. Bh4 Bf6 20. Bxf6 Rxf6 21. g3 Nh3 22. exf5 Bxf5 23. Bxf5 Nxf5 24. Ng2 Raf8 25. Ne4 R6f7 26. Rb3 Nd4 27. Re3 Rxf3 28. Rfxf3 gxf3 0-1

[Event "N Psichiko m g15'"]
[Site "?"]
[Date "2002.06.08"]
[Round "5"]
[White "Kotronias Vasilios"]
[Black "Vouldis Angelos"]
[Result "1-0"]
[WhiteElo "2580"]
[BlackElo "2515"]
[PlyCount "56"]
[EventDate "2002.??.??"]
[Source "www.chesslib.no"]
[SourceDate "2004.05.04"]

1. e4 d6 2. d4 Nc6 3. Nf3 Bg4 4. Bb5 a6 5. Bxc6+ bxc6 6. Nc3 Nf6 7. h3 Bh5 8. Qd3 e6 9. Bg5 Be7 10. g4 Bg6 11. Qe3 Nd7 12. Bxe7 Qxe7 13. h4 f6 14. O-O-O Bf7 15. Nd2 O-O 16. f4 a5 17. g5 Bh5 18. Rdg1 e5 19. dxe5 dxe5 20. f5 a4 21. a3 Kh8 22. Nf1 Nb6 23. gxf6 Rxf6 24. Qg5 Nc4 25. Qxh5 Rb8 26. Qe2 Nxb2 27. Nb1 Qc5 28. Qe3 Rd6 1-0

[Event "EUCup Gr"]
[Site "Baile Herculane"]
[Date "1994.??.??"]
[Round "1"]
[White "Atalik, Suat"]
[Black "Kengis, Edvins"]
[Result "1/2-1/2"]
[WhiteElo "2530"]
[BlackElo "2565"]
[PlyCount "80"]
[EventDate "1994.??.??"]
[Source "www.chesslib.no"]
[SourceDate "2004.05.04"]

1. d4 b6 2. e4 Bb7 3. Bd3 Nf6 4. Nd2 c5 5. dxc5 bxc5 6. Ngf3 Nc6 7. O-O d6 8. Nc4 Nb4 9. e5 dxe5 10. Ncxe5 Nxd3 11. cxd3 Qd5 12. Qa4+ Nd7 13. Be3 f6 14. Qxd7+ Qxd7 15. Nxd7 Kxd7 16. Bxc5 e6 17. Rfc1 Bxc5 18. Rxc5 Rhc8 19. Rac1 Rxc5 20. Rxc5 Bd5 21. Ra5 Kc7 22. Nd2 Kb6 23. Ra4 Rd8 24. f3 Rd7 25. Kf2 Bc6 26. Rb4+ Kc7 27. Ke3 e5 28. d4 Re7 29. dxe5 Rxe5+ 30. Kf2 Rd5 31. Ke3 Rh5 32. Rg4 g6 33. Rf4 Rxh2 34. Rxf6 Bd5 35. Kf2 Bxa2 36. Ra6 Bd5 37. Rxa7+ Kb6 38. Rd7 Rh5 39. Re7 Rh4 40. Re3 Bc6 1/2-1/2

[Event "Ukrainian Games"]
[Site "Evpatoria (Ukraine)"]
[Date "2007.05.24"]
[Round "6"]
[White "Moiseenko Alexander (UKR)"]
[Black "Shkuro Iuri (UKR)"]
[Result "1/2-1/2"]
[WhiteElo "2630"]
[BlackElo "2463"]
[PlyCount "71"]
[EventDate "2007.??.??"]
[Source "www.chesslib.no"]
[SourceDate "2004.05.04"]

1. d4 Nc6 2. Nf3 d6 3. e4 Nf6 4. Nc3 g6 5. d5 Nb8 6. Be2 Bg7 7. O-O O-O 8. h3 c6 9. a4 cxd5 10. exd5 Na6 11. Re1 Re8 12. Be3 Nb4 13. a5 Bd7 14. Qd2 Qc8 15. Rec1 Qb8 16. Ra3 Rc8 17. Bd4 Qc7 18. b3 Na6 19. Bc4 Nc5 20. Qe2 Re8 21. b4 Na6 22. Bxa6 bxa6 23. Qxa6 Rec8 24. Re1 Re8 25. Rb3 e5 26. Be3 Rec8 27. Rc1 Ne8 28. Qe2 a6 29. Bb6 Qb7 30. Qd2 f5 31. Nd1 Bb5 32. Nb2 Nf6 33. c4 Be8 34. Ra3 h6 35. Rd1 Bf7 36. Raa1 1/2-1/2

[Event "Ubeda op"]
[Site "Ubeda"]
[Date "1996.??.??"]
[Round "?"]
[White "Malaniuk, Vladimir P"]
[Black "Mohr, Georg"]
[Result "0-1"]
[WhiteElo "2585"]
[BlackElo "2495"]
[PlyCount "50"]
[EventDate "1996.01.??"]
[Source "ChessBase"]

1. d4 Nc6 2. e4 d5 3. e5 Bf5 4. c3 Qd7 5. f4 h5 6. Nf3 Nh6 7. Be3 e6 8. Nbd2 Be7 9. h3 a6 10. Bf2 f6 11. exf6 gxf6 12. Nh4 O-O-O 13. Be2 Bd6 14. Nb3 Rdg8 15. Nc5 Bxc5 16. dxc5 Be4 17. Bxh5 Nf5 18. Rg1 Nxh4 19. Bxh4 Qh7 20. Bxf6 Qxh5 21. Bxh8 Qh4+ 22. Ke2 Qxh8 23. Qf1 d4 24. Rc1 Rg3 25. Qf2 Qh5+ 0-1

[Event "Lasker mem op"]
[Site "Barlinek"]
[Date "2001.07.23"]
[Round "7"]
[White "Borovikov, Vladislav"]
[Black "Mikhaletz, Lubomir"]
[Result "1-0"]
[WhiteElo "2593"]
[BlackElo "2485"]
[PlyCount "59"]
[EventDate "2001.07.19"]
[Source "ChessBase"]
[SourceDate "2001.11.13"]

1. d4 d6 2. Nf3 Bg4 3. e4 Nf6 4. Nc3 Nc6 5. d5 Nb8 6. h3 Bxf3 7. Qxf3 c6 8. Bg5 h6 9. Bxf6 exf6 10. dxc6 bxc6 11. Bc4 Nd7 12. Qg3 Qa5 13. f4 h5 14. O-O-O g6 15. h4 Rb8 16. Kb1 Be7 17. Bb3 Kf8 18. Ne2 Nc5 19. Nd4 Qb6 20. f5 Nxe4 21. Qf4 d5 22. Nxc6 Bd6 23. Nxb8 Kg7 24. Qf3 Rxb8 25. fxg6 fxg6 26. Rxd5 f5 27. Rhd1 a5 28. a4 Rf8 29. Qd3 Rf6 30. Rb5 1-0

[Event "YUG-Cup"]
[Site "?"]
[Date "2000.??.??"]
[Round "3"]
[White "Gligoric Svetozar"]
[Black "Markovic Miroslav"]
[Result "0-1"]
[WhiteElo "2487"]
[BlackElo "2586"]
[PlyCount "110"]
[EventDate "2000.??.??"]
[Source "www.chesslib.no"]
[SourceDate "2004.05.04"]

1. d4 e6 2. e4 b6 3. Nf3 Bb7 4. Nc3 Bb4 5. Bd3 Nf6 6. Qe2 d5 7. e5 Ne4 8. O-O Bxc3 9. bxc3 Nxc3 10. Qe3 Ne4 11. Ba3 Nc6 12. c4 Ne7 13. cxd5 exd5 14. Bb5+ c6 15. Bd3 Qd7 16. Rfd1 O-O-O 17. Bxe4 dxe4 18. Qxe4 c5 19. Qe2 Qa4 20. Bb2 c4 21. Ng5 Bd5 22. Rac1 Kb7 23. e6 fxe6 24. Nxe6 Bxe6 25. Qxe6 Nd5 26. Qe2 Rc8 27. Qf3 Rhd8 28. Re1 Qxa2 29. Ba3 c3 30. Be7 Rd7 31. Bh4 Qc4 32. Qf5 Qc6 33. Re6 Rd6 34. Rxd6 Qxd6 35. Bg3 Qc6 36. Qf7+ Ka8 37. Qxg7 b5 38. Qxh7 b4 39. Qc2 Qc4 40. Rb1 Re8 41. h4 Re2 42. Qa4 c2 43. Rc1 Nb6 44. Qa1 b3 45. d5 Qxd5 46. Qh8+ Kb7 47. Kh2 Nd7 48. Qc3 Nc5 49. Ra1 Re4 50. Qa5 Kc6 51. Qxa7 Kb5 52. Qa5+ Kc4 53. f3 Rd4 54. Be1 Qd6+ 55. Bg3 Rxh4+ 0-1

[Event "Tournament (computers)"]
[Site "Internet"]
[Date "2008.01.26"]
[Round "4"]
[White "Computer \"]
[Black "Computer \"]
[Result "1-0"]
[WhiteElo "2674"]
[BlackElo "2390"]
[PlyCount "119"]
[EventDate "2008.??.??"]
[Source "www.chesslib.no"]
[SourceDate "2004.05.04"]

1. d4 e6 2. e4 b6 3. Nf3 Bb7 4. Bd3 c5 5. c3 Nf6 6. Qe2 Be7 7. Nbd2 d5 8. exd5 exd5 9. Ne5 O-O 10. O-O Nc6 11. Ndf3 Nxe5 12. dxe5 Ne4 13. c4 f5 14. exf6 Nxf6 15. Qe6+ Kh8 16. Ng5 Qe8 17. Re1 Bd6 18. Qxe8 Rfxe8 19. Rxe8+ Nxe8 20. cxd5 h6 21. Nf7+ Kg8 22. Nxd6 Nxd6 23. Bf4 Rd8 24. Rd1 g5 25. Bg3 Kf7 26. Bb1 Nc4 27. d6 Ke6 28. d7 Bc6 29. b3 Na3 30. Bg6 Bxd7 31. Bh5 Nb5 32. Re1+ Kd5 33. Re5+ Kd4 34. Re3 c4 35. a4 cxb3 36. axb5 Bxb5 37. Rxb3 Rd5 38. f4 gxf4 39. Bf7 fxg3 40. Bxd5 gxh2+ 41. Kxh2 Bd3 42. Be6 Be2 43. g4 Bd3 44. Kg3 Bc4 45. Bxc4 Kxc4 46. Rf3 b5 47. Rf6 b4 48. Rxh6 b3 49. Rh1 Kd4 50. g5 Ke5 51. Kg4 b2 52. Re1+ Kd5 53. g6 a5 54. g7 a4 55. g8=Q+ Kd4 56. Qc8 Kd3 57. Rd1+ Ke2 58. Qc2+ Ke3 59. Qd2+ Ke4 60. Re1# 1-0

[Event "Cannes"]
[Site "?"]
[Date "1999.??.??"]
[Round "6"]
[White "Kazhgaleyev Murtas"]
[Black "Izeta Txabarri Felix"]
[Result "1-0"]
[WhiteElo "2547"]
[BlackElo "2516"]
[PlyCount "45"]
[EventDate "1999.??.??"]
[Source "www.chesslib.no"]
[SourceDate "2004.05.04"]

1. d4 Nc6 2. e4 e5 3. dxe5 Nxe5 4. Nc3 Bc5 5. Bf4 Ng6 6. Bg3 d6 7. Qd2 Nf6 8. O-O-O O-O 9. f4 Re8 10. Bd3 c6 11. Nf3 b5 12. Rhe1 Nh5 13. Kb1 Nxg3 14. hxg3 a5 15. Ng5 h6 16. Nf3 a4 17. e5 dxe5 18. f5 Nf8 19. Ne4 Bd4 20. f6 Ne6 21. Rh1 Nc5 22. fxg7 Nxe4 23. Qxh6 1-0

[Event "Acropolis Open"]
[Site "Athens"]
[Date "2003.08.30"]
[Round "6"]
[White "Rozentalis, Eduardas"]
[Black "Petrov, Marijan"]
[Result "1-0"]
[WhiteElo "2586"]
[BlackElo "2475"]
[PlyCount "73"]
[EventDate "2003.08.25"]
[Source "Roberto Alvarez"]
[SourceDate "2003.09.08"]

1. e4 d5 2. exd5 Qxd5 3. d4 Nc6 4. Nf3 e5 5. Nc3 Bb4 6. Bd2 Bxc3 7. Bxc3 e4 8. Nd2 Nf6 9. Nc4 Be6 10. Ne3 Qd7 11. Bb5 a6 12. Ba4 O-O 13. Bxc6 Qxc6 14. Bb4 Rfe8 15. c4 Qd7 16. d5 Bf5 17. h3 Bg6 18. Bc3 Qe7 19. Qd4 c5 20. dxc6 bxc6 21. O-O-O Red8 22. Qe5 Qxe5 23. Bxe5 Ne8 24. Rxd8 Rxd8 25. Rd1 Rxd1+ 26. Kxd1 f5 27. Nc2 c5 28. Kd2 Kf7 29. b4 Ke6 30. Bf4 Bf7 31. bxc5 Kf6 32. Kc3 g5 33. Bb8 f4 34. Nb4 a5 35. Nd5+ Ke6 36. Kd4 Ng7 37. c6 1-0

[Event "Biel op"]
[Site "Biel"]
[Date "1995.??.??"]
[Round "7"]
[White "Golubev, Mihail"]
[Black "Markowski, Tomasz"]
[Result "1-0"]
[WhiteElo "2525"]
[BlackElo "2530"]
[PlyCount "63"]
[EventDate "1995.07.??"]
[Source "ChessBase"]

1. e4 d6 2. d4 Nf6 3. Nc3 Nc6 4. Nf3 Bg4 5. Be3 e6 6. h3 Bh5 7. d5 exd5 8. exd5 Bxf3 9. Qxf3 Ne5 10. Qe2 a6 11. O-O-O Be7 12. f4 Ng6 13. g4 Nd7 14. g5 O-O 15. h4 Re8 16. h5 Ngf8 17. Qd2 c5 18. dxc6 bxc6 19. h6 g6 20. Ne4 d5 21. Qc3 f6 22. Qxc6 dxe4 23. Qc4+ Kh8 24. Qf7 Ne6 25. Bc4 Bd6 26. Rxd6 Re7 27. Rxd7 Rxf7 28. Rxd8+ Nxd8 29. Bxf7 Nxf7 30. Bd4 Kg8 31. Bxf6 Nd6 32. Re1 1-0

[Event "Pavlograd"]
[Site "Pavlograd"]
[Date "2000.??.??"]
[Round "3"]
[White "Malakhatko, Vadim"]
[Black "Kozakov, Mikhail"]
[Result "1/2-1/2"]
[WhiteElo "2564"]
[BlackElo "2489"]
[PlyCount "160"]
[EventDate "2000.09.11"]
[Source "ChessBase"]
[SourceDate "2000.11.10"]

1. d4 d6 2. Nf3 Bg4 3. e4 Nf6 4. Nc3 Nc6 5. d5 Nb8 6. Be2 Bxf3 7. Bxf3 g6 8. O-O Bg7 9. Bg5 O-O 10. Qd2 c6 11. Rfe1 Nbd7 12. a4 Re8 13. a5 cxd5 14. exd5 a6 15. Be3 Rc8 16. Ra4 Qc7 17. Bd4 Nc5 18. Ra3 Ncd7 19. Ra4 Nc5 20. Raa1 Ncd7 21. Be2 Kf8 22. Ra3 Ng8 23. Bxg7+ Kxg7 24. Bf1 Ngf6 25. h3 Qc5 26. Ra4 Ra8 27. Re3 b5 28. axb6 Nxb6 29. Rd4 Ra7 30. b4 Qc8 31. Ne4 Nbd7 32. Nxf6 Nxf6 33. Ra3 Qb7 34. Ra5 Rc8 35. Bd3 Qb6 36. Qe3 Re8 37. Rc4 Qxe3 38. fxe3 Rb8 39. c3 Rb5 40. e4 Rxa5 41. bxa5 Nd7 42. Rb4 Nc5 43. Bc2 Kf6 44. Kf2 Ke5 45. Ke3 Rc7 46. Rc4 h5 47. g3 Rc8 48. Bd3 h4 49. g4 e6 50. g5 Rh8 51. Be2 exd5 52. exd5 Kxd5 53. Rd4+ Kc6 54. Bf3+ Kd7 55. Bg4+ Ne6 56. Rb4 Rc8 57. Rb7+ Ke8 58. Rb6 Rxc3+ 59. Kd2 Ra3 60. Bxe6 fxe6 61. Rxd6 Rxa5 62. Rxe6+ Kf7 63. Rf6+ Kg7 64. Rf4 Rxg5 65. Rxh4 Re5 66. Rc4 Kh6 67. Ra4 a5 68. h4 Kg7 69. Kd3 Kf6 70. Rf4+ Ke6 71. Ra4 Kf6 72. Rf4+ Kg7 73. Ra4 Kh6 74. Kd2 Kh5 75. Kd3 Re8 76. Kd2 Rb8 77. Ke3 Rb4 78. Rxa5+ Kxh4 79. Kf2 Kh3 80. Ra3+ Kh2 1/2-1/2

[Event "I Open"]
[Site "Calviá"]
[Date "2004.11.05"]
[Round "5"]
[White "Ehlvest, Jaan"]
[Black "Gonzales, Jayson"]
[Result "1/2-1/2"]
[WhiteElo "2631"]
[BlackElo "2422"]
[PlyCount "35"]
[EventDate "2004.11.01"]
[Source "Roberto Alvarez"]
[SourceDate "2004.11.08"]

1. d4 Nc6 2. Nf3 d6 3. e4 Nf6 4. Nc3 Bg4 5. Bb5 a6 6. Bxc6+ bxc6 7. h3 Bh5 8. Qe2 e6 9. Bg5 Be7 10. g4 Bg6 11. Bxf6 Bxf6 12. O-O-O Qb8 13. h4 h5 14. g5 Be7 15. Ne1 d5 16. Nd3 Bb4 17. a3 Ba5 18. f4 1/2-1/2

[Event "BL"]
[Site "BL"]
[Date "1995.??.??"]
[Round "?"]
[White "Schmittdiel, Eckhard"]
[Black "Hort, Vlastimil"]
[Result "1/2-1/2"]
[WhiteElo "2485"]
[BlackElo "2565"]
[PlyCount "21"]
[EventDate "1995.??.??"]
[Source "www.chesslib.no"]
[SourceDate "2004.05.04"]

1. e4 b5 2. Nf3 Ba6 3. Ne5 e6 4. Nf3 g5 5. Qe2 Be7 6. d3 Nh6 7. Bxg5 Nf5 8. Qd2 Ng3 9. c3 Rg8 10. Bf6 d5 11. b3 1/2-1/2

[Event "Japfa op"]
[Site "Bali"]
[Date "2000.05.07"]
[Round "5"]
[White "Juswanto, Denny"]
[Black "Rogers, Ian"]
[Result "1/2-1/2"]
[WhiteElo "2483"]
[BlackElo "2562"]
[PlyCount "44"]
[EventDate "2000.05.03"]
[Source "ChessBase"]
[SourceDate "2000.07.11"]

1. d4 b6 2. e4 e6 3. Nf3 Bb7 4. Bd3 c5 5. c3 Nf6 6. Qe2 Be7 7. O-O d5 8. e5 Nfd7 9. a3 a5 10. b3 Ba6 11. Bxa6 Nxa6 12. Bb2 O-O 13. Nbd2 Qc8 14. c4 Nc7 15. a4 Nb8 16. Rac1 Nc6 17. Rfd1 Qb7 18. Ba3 Nb4 19. Bxb4 axb4 20. dxc5 bxc5 21. Ne1 Rfd8 22. Nd3 Qb6 1/2-1/2

[Event "op MTO"]
[Site "Biel-op MTO"]
[Date "1995.??.??"]
[Round "7"]
[White "Golubev, Mihail"]
[Black "Markowski, Tomasz"]
[Result "1-0"]
[WhiteElo "2570"]
[BlackElo "2470"]
[PlyCount "63"]
[EventDate "1995.??.??"]
[Source "www.chesslib.no"]
[SourceDate "2004.05.04"]

1. e4 d6 2. d4 Nf6 3. Nc3 Nc6 4. Nf3 Bg4 5. Be3 e6 6. h3 Bh5 7. d5 exd5 8. exd5 Bxf3 9. Qxf3 Ne5 10. Qe2 a6 11. O-O-O Be7 12. f4 Ng6 13. g4 Nd7 14. g5 O-O 15. h4 Re8 16. h5 Ngf8 17. Qd2 c5 18. dxc6 bxc6 19. h6 g6 20. Ne4 d5 21. Qc3 f6 22. Qxc6 dxe4 23. Qc4+ Kh8 24. Qf7 Ne6 25. Bc4 Bd6 26. Bb6 Qb8 27. Ba7 Ndf8 28. Rd4 Qc8 29. Bf1 Qb8 30. Rc4 Be7 31. c3 Qb6 32. Bh3 1-0

[Event "Ubeda op"]
[Site "Ubeda"]
[Date "1996.??.??"]
[Round "?"]
[White "Spraggett, Kevin"]
[Black "Mohr, Georg"]
[Result "1-0"]
[WhiteElo "2545"]
[BlackElo "2495"]
[PlyCount "79"]
[EventDate "1996.01.??"]
[Source "ChessBase"]

1. Nf3 Nc6 2. e4 d6 3. d4 Nf6 4. Nc3 Bg4 5. Be3 e6 6. h3 Bh5 7. d5 exd5 8. exd5 Ne5 9. g4 Nxf3+ 10. Qxf3 Bg6 11. O-O-O a6 12. Bd4 Be7 13. Qe2 O-O 14. f4 h6 15. f5 Bh7 16. Qf3 Re8 17. Kb1 Nd7 18. Ne4 Bh4 19. Bg2 Ne5 20. Qc3 Qd7 21. Rhg1 a5 22. Rdf1 b5 23. Bh1 b4 24. Qd2 Kh8 25. g5 Bxf5 26. Qf4 hxg5 27. Qxf5 Qxf5 28. Rxf5 f6 29. b3 Nd7 30. Rff1 Re7 31. Ng3 Rae8 32. Kb2 Kh7 33. Nf5 Re2 34. Nxh4 gxh4 35. Bf3 Rd2 36. Rg4 g5 37. Kc1 Rh2 38. Be4+ Kg7 39. Rxg5+ Kh8 40. Bxf6+ 1-0

[Event "URS-FL49"]
[Site "Volgodonsk"]
[Date "1981.??.??"]
[Round "12"]
[White "Mikhalchishin, Adrian"]
[Black "Gurgenidze, Bukhuti"]
[Result "1/2-1/2"]
[WhiteElo "2545"]
[BlackElo "2490"]
[PlyCount "115"]
[EventDate "1981.10.??"]
[Source "ChessBase"]

1. Nf3 b6 2. e4 Bb7 3. Nc3 e6 4. d4 Bb4 5. Bd3 Nf6 6. Qe2 d5 7. exd5 Qxd5 8. Bd2 Bxc3 9. Bxc3 Nbd7 10. O-O Ne4 11. Bxe4 Qxe4 12. Qxe4 Bxe4 13. Ne1 Nf6 14. f3 Bg6 15. b3 O-O-O 16. Rf2 Rd7 17. Bb2 Rhd8 18. Re2 Kb7 19. Kf2 a5 20. a4 Nd5 21. g3 Nb4 22. c3 Nc6 23. g4 f6 24. f4 h5 25. h3 hxg4 26. hxg4 Bf7 27. Nf3 Rh8 28. c4 Nb4 29. Kg3 c5 30. Rd1 Bg6 31. Rxe6 Bc2 32. Rd2 Bxb3 33. dxc5 Rhd8 34. Rxb6+ Kc7 35. Rxd7+ Rxd7 36. Nd4 Bxa4 37. Bc3 Nc6 38. Nb5+ Bxb5 39. cxb5 Rd3+ 40. Kh4 Ne7 41. Bxf6 gxf6 42. Rxf6 Rd5 43. b6+ Kb7 44. f5 a4 45. Rf7 Rd7 46. Kg5 Kc8 47. Rf8+ Kb7 48. Rf7 Kc8 49. f6 Nc6 50. Rg7 Nd8 51. Rg8 Kb7 52. Re8 Kc6 53. Kf5 a3 54. Re3 a2 55. Ra3 Rd2 56. g5 Rf2+ 57. Kg4 Kxc5 58. b7 1/2-1/2

[Event "Pribram op rap"]
[Site "?"]
[Date "1997.??.??"]
[Round "7"]
[White "Babula Vlastimil"]
[Black "Mokry Karel"]
[Result "1-0"]
[WhiteElo "2535"]
[BlackElo "2500"]
[PlyCount "46"]
[EventDate "1997.??.??"]
[Source "www.chesslib.no"]
[SourceDate "2004.05.04"]

1. d4 Nc6 2. Nf3 d6 3. d5 Ne5 4. Nxe5 dxe5 5. e4 Nf6 6. Nc3 g6 7. Bg5 Bg7 8. Bc4 O-O 9. O-O Ne8 10. Bd3 c6 11. dxc6 bxc6 12. Na4 Bf6 13. Be3 Nc7 14. Nc5 Ne6 15. Nxe6 Bxe6 16. Qd2 Qc7 17. Qc3 a5 18. a4 Rab8 19. b3 h5 20. Rad1 Rfd8 21. Qc5 Rd7 22. Rd2 Rbd8 23. Rfd1 Bg7 1-0

[Event "IX Open"]
[Site "Dubai EAU"]
[Date "2007.04.25"]
[Round "4"]
[White "Koneru, H."]
[Black "Sharif, Me"]
[Result "1/2-1/2"]
[WhiteElo "2575"]
[BlackElo "2455"]
[PlyCount "54"]
[EventDate "2007.04.22"]
[Source "www.chesslib.no"]
[SourceDate "2004.05.04"]

1. d4 b6 2. e4 Bb7 3. Bd3 Nf6 4. Qe2 e6 5. Nf3 c5 6. c3 d5 7. e5 Nfd7 8. Ng5 Be7 9. Qg4 cxd4 10. cxd4 Nc6 11. Nxh7 Nb4 12. O-O Nxd3 13. Qxg7 Rxh7 14. Qxh7 Ba6 15. Nc3 Nf8 16. Qh3 Qc7 17. Rd1 Qc4 18. Qe3 Ng6 19. g3 Kd7 20. Rb1 Rg8 21. Kh1 Ngxe5 22. dxe5 Bc5 23. Qxd3 Qxd3 24. Rxd3 Bxd3 25. Ra1 Bxf2 26. Bf4 Rc8 27. Kg2 Bc5 1/2-1/2